| 000 | 00404nam a2200181Ia 4500 | ||
|---|---|---|---|
| 001 | 1127 | ||
| 005 | 20260306140609.0 | ||
| 008 | 260306t2006||||xx |||||||||||||| ||spa|| | ||
| 041 | _aESP | ||
| 082 |
_a184 _bP66E 2006 |
||
| 100 |
_aPlatón _eAUT |
||
| 245 | 0 | _aLa República | |
| 260 | _c2006 | ||
| 300 |
_acxlii196 páginas : _c22 cm. |
||
| 650 | _aGEN | ||
| 654 | _aCHU | ||
| 942 |
_cLIB _dJUS _fJUS _2ddc _n |
||
| 999 |
_c1127 _d1127 |
||